Republika Československá 1918-1939

Salvato in:
Dettagli Bibliografici
Altri autori: Hájková, Dagmar, Horák, Pavel
Natura: Libro
Lingua:ceco
Pubblicazione: Praha Nakladatelství Lidové noviny (NLN) 2018
Edizione:1. vydání
Soggetti:
Tags: Aggiungi Tag
Nessun Tag, puoi essere il primo ad aggiungerne!!

MARC

LEADER 00000nam a2200000 4500
001 0257290
005 20240223083626.2
020 |a 978-80-7422-643-4 
041 0 |a cze 
044 |a CZ 
245 1 0 |a Republika Československá 1918-1939  |c Dagmar Hájková, Pavel Horák (eds.) 
250 |a 1. vydání 
264 1 |a Praha  |b Nakladatelství Lidové noviny (NLN)  |c 2018 
300 |a 1020 s. 
610 2 0 |a dejiny 
610 2 0 |a história 
610 2 0 |a vojny 
610 2 0 |a vývoj politický 
610 2 0 |a hnutie národnooslobodzovacie 
610 2 0 |a štát 
610 2 0 |a národ 
610 2 0 |a národnosti 
610 2 0 |a prezidenti 
610 2 0 |a strany politické 
610 2 0 |a politika vnútorná 
610 2 0 |a deklarácia 
610 2 0 |a politika zahraničná 
610 2 0 |a vzťahy medzinárodné 
610 2 0 |a konflikty medzinárodné 
610 2 0 |a bezpečnosť medzinárodná 
610 2 0 |a osobnosť 
610 2 0 |a Československo 
610 2 0 |a Česko 
610 2 0 |a Slovensko 
610 2 0 |a Masaryk, T.G. 
610 2 0 |a Štefánik, M.R. 
610 2 0 |a 1918-1939 
700 1 |a Hájková, Dagmar 
700 1 |a Horák, Pavel